000 00534nam a2200253Ia 4500
001 069138
003 YMCAF
005 20230512160548.0
008 100717s1968 ||||||||||||||||| ||und|d
020 _a-
024 _a69138
035 _a8601
040 _aYMCAF
_beng
_cIN-KoLT
041 _aeng
082 _a005.133
_bGOT
100 _aGOTTFRIED, B S
245 0 _aTHEORY AND PROBLEMS OF PROGRAMMING WITH BASICS
250 _a-
260 _b-
_c1968
300 _a378
653 _a-
653 _a-
942 _2ddc
_cBK
999 _c5322
_d5322